[Event "Niedersachsen-ch Seniors 51st"]
[Site "Handeloh"]
[Date "2017.06.19"]
[Round "2"]
[White "Foth, Herbert"]
[Black "Schencke, Guenther"]
[Result "1/2-1/2"]
[WhiteElo "1103"]
[BlackElo "1575"]
[PlyCount "123"]
[EventDate "2017.06.18"]
[EventType "swiss"]
[EventRounds "7"]
[EventCountry "GER"]
[SourceTitle "EXT 2023"]
[Source "ChessBase"]
[SourceDate "2022.10.05"]
[SourceVersion "1"]
[SourceVersionDate "2022.10.05"]
[SourceQuality "1"]

1. d4 d5 2. Bf4 e6 3. e3 c5 4. c3 Nf6 5. Nd2 h6 6. Ngf3 cxd4 7. exd4 Nc6 8. Bd3 Bd6 9. Bxd6 Qxd6 10. 0-0 0-0 11. Qe2 Re8 12. Ne5 Qc7 13. Ndf3 Nxe5 14. Nxe5 Nd7 15. f4 Nxe5 16. fxe5 Qe7 17. Qg4 Qg5 18. Qxg5 hxg5 19. Rf3 Rf8 20. Raf1 Bd7 21. Rg3 f6 22. exf6 gxf6 23. h4 Kh8 24. hxg5 fxg5 25. Rxf8+ Rxf8 26. Rxg5 a6 27. Rh5+ Kg8 28. Rh7 Rf7 29. Rxf7 Kxf7 30. Kf2 Kf6 31. Kf3 Kg5 32. Kg3 a5 33. a3 a4 34. Bc2 Be8 35. Bd1 Bd7 36. Be2 Bc6 37. c4 b6 38. cxd5 exd5 39. Kf3 Bd7 40. Ke3 Bc6 41. Bf3 Bb7 42. g3 Bc6 43. Kd3 Kf5 44. Kc3 Ke6 45. Be2 Kf5 46. Bf3 Ke6 47. Kb4 Kf5 48. Kc3 Ke6 49. Bg4+ Ke7 50. Kb4 Kf6 51. Be2 Kf5 52. Bd3+ Kg4 53. Bb5 Bxb5 54. Kxb5 Kxg3 55. Kxb6 Kf4 56. Kb5 Ke4 57. Kxa4 Kxd4 58. Kb3 Ke3 59. Kc2 Ke2 60. Kc3 Ke3 61. Kc2 Ke2 62. Kc3 1/2-1/2

[Event "Niedersachsen-ch Seniors 51st"]
[Site "Handeloh"]
[Date "2017.06.18"]
[Round "1"]
[White "Foth, Herbert"]
[Black "Weczerek, Dieter"]
[Result "0-1"]
[WhiteElo "1103"]
[BlackElo "1762"]
[PlyCount "64"]
[EventDate "2017.06.18"]
[EventType "swiss"]
[EventRounds "7"]
[EventCountry "GER"]
[SourceTitle "EXT 2023"]
[Source "ChessBase"]
[SourceDate "2022.10.05"]
[SourceVersion "1"]
[SourceVersionDate "2022.10.05"]
[SourceQuality "1"]

1. e4 e6 2. d4 d5 3. e5 c5 4. Bb5+ Bd7 5. Bxd7+ Nxd7 6. c3 Qb6 7. Be3 Qxb2 8. Nd2 Qxc3 9. Ne2 Qa5 10. 0-0 c4 11. Nf3 g6 12. Bd2 Qc7 13. a3 h5 14. Qb1 Nh6 15. Bxh6 Bxh6 16. Qb4 a5 17. Qb5 Qc6 18. Rab1 Qxb5 19. Rxb5 b6 20. Nc3 Bf8 21. a4 Be7 22. Rb2 0-0 23. Nb5 Rfc8 24. Nd6 Rc6 25. Rc1 g5 26. Rc3 g4 27. Ne1 Bxd6 28. exd6 Rxd6 29. f3 f5 30. fxg4 hxg4 31. Rg3 Nf6 32. Nf3 Ne4 0-1

[Event "GER Seniors Derby 15th"]
[Site "Wesel Undeloh"]
[Date "2016.04.08"]
[Round "5"]
[White "Rehder, Andrea"]
[Black "Foth, Herbert"]
[Result "1/2-1/2"]
[WhiteElo "1702"]
[BlackElo "1089"]
[PlyCount "57"]
[EventDate "2016.04.06"]
[EventType "swiss"]
[EventRounds "9"]
[EventCountry "GER"]
[SourceTitle "EXT 2019"]
[Source "ChessBase"]
[SourceDate "2018.10.10"]
[SourceVersion "1"]
[SourceVersionDate "2018.10.10"]
[SourceQuality "1"]

1. e4 c5 2. Nc3 d6 3. g3 g6 4. d3 Bg7 5. Bg2 Nf6 6. h3 Nc6 7. Nge2 Rb8 8. 0-0 0-0 9. Be3 Be6 10. Qd2 Qd7 11. Nf4 a6 12. Nxe6 fxe6 13. Bh6 Bxh6 14. Qxh6 Ne5 15. Ne2 Nf7 16. Qe3 e5 17. f4 b6 18. f5 g5 19. g4 Qa4 20. Qd2 Qb4 21. c3 Qb5 22. Ng3 Rbc8 23. b3 Qe8 24. Rf2 h6 25. Bf3 b5 26. Rc1 Kg7 27. Rh2 Rh8 28. h4 Kg8 29. Kf2 1/2-1/2

[Event "GER Seniors Derby 15th"]
[Site "Wesel Undeloh"]
[Date "2016.04.06"]
[Round "2"]
[White "Swosdyk, Peter"]
[Black "Foth, Herbert"]
[Result "1-0"]
[WhiteElo "1594"]
[BlackElo "1089"]
[PlyCount "65"]
[EventDate "2016.04.06"]
[EventType "swiss"]
[EventRounds "9"]
[EventCountry "GER"]
[SourceTitle "EXT 2019"]
[Source "ChessBase"]
[SourceDate "2018.10.10"]
[SourceVersion "1"]
[SourceVersionDate "2018.10.10"]
[SourceQuality "1"]

1. c4 c5 2. Nf3 d6 3. e3 Nc6 4. d4 cxd4 5. exd4 d5 6. Nc3 e6 7. a3 Nf6 8. c5 Be7 9. h3 a6 10. Bf4 Ne4 11. Na4 Bd7 12. Nb6 Ra7 13. Bd3 Bg5 14. Bxg5 Nxg5 15. Ne5 Nxe5 16. dxe5 0-0 17. h4 Ne4 18. Nxd7 Re8 19. Bxe4 Re7 20. Nb6 Re8 21. Bd3 Qc7 22. Qh5 g6 23. Qg5 a5 24. Rc1 a4 25. h5 Ra5 26. Nxa4 Rc8 27. hxg6 fxg6 28. Qf6 Rxa4 29. Bxg6 Re4+ 30. Bxe4 dxe4 31. Rh3 Rf8 32. Rg3+ Qg7 33. Qxg7# 1-0